03254cam a22003975i 4500999001700000001001000017003000900027005001700036008004100053020002500094020002200119040004500141041001300186082002100199100003900220240003100259245008900290246003600379264005100415300004200466336002600508337002800534338002700562500007100589500010600660500011200766500004500878505148500923520013802408546005202546650003902598650003302637653002602670942001202696952014802708 c28817d28788016063224EG-ScBUE20200924112411.0120326t20122012maua f 000 0 eng d a9781592537952 (pbk.) a1592537952 (pbk.) aStDuBDSbengerdacStDuBDSdUkdEG-ScBUE1 aenghjpn04a741.672bTAK2221 aTakamura, Zeshū,d1964-eauthor.10aFasshon dezainga.lEnglish10aFashion design techniques :ba super reference book for beginners /cZeshu Takamura.34aFashion illustration techniques 1aBeverly, Mass. :bRockport Publishers,c[2012] a223 pages. :billustrations. ;c29 cm atextbtxt2rdacontent aunmediatedbn2rdamedia avolumebnc2rdacarrier aTranslation of: Fasshon dezainga : bibināzu chōsoku masutā.  aTranslation of: ファッションデザイン画 : ビギナーズ超速マスター. aFirst designed and published in 2007 by Graphic-sha Publishing Co., 1st English edition, Graphic-sha, 2009. aEnglish translation: Hedges Design Plus.0 aMachine generated contents note: The 1st Week Let's Master Body Drawing -- phase01. Orientation -- phase02. The Eight-Head Proportion -- phase03. Erect Frontal Pose (Female) -- phase04. Erect Frontal Pose (Legs apart) -- phase05. Fashion Model's Standing and Walking Poses -- phase06. Changes When the Body is Turned -- phase07. Fashion Model's Standing Pose (Diagonal) -- The 2nd Week Let's Master Body Parts and Garment Items Drawing -- phase08. Pose Variations -- phase09. How to Draw the Face/Head -- phase10. Technical Drawing 1: Bottoms -- phase11. Technical Drawing 2: Tops -- phase12. Dressing -- phase13. Inking -- phase14. Color Preparation -- The 3rd Week Let's Try Coloring -- phase15. How to Color (Basic) -- phase16. How to Color (Applications) -- phase17. Textile Rendition 1: Focused on the fabric grain -- phase18. Textile Rendition 2: Various materials/patterns -- phase19. Design Drawing from a Photograph: 1 Pose analysis -- phase20. Design Drawing from a Photograph: 2 The Body. Contents note continued: phase21. Design Drawing from a Photograph: 3 Dressing -- The 4th Week Master Design Drawing and Make Your Own Design -- phase22. Design Drawing from a Photograph: 4 Coloring (Dress) -- phase23. Design Drawing from a Photograph: 5 Coloring (Skirt) -- phase24. Design Drawing from a Photograph: 6 Coloring (Pants) -- phase25. Sketch Ideas for Original Design -- phase26. Technical Drawing Draft -- phase27. Fashion Design Drawing Draft -- phase28. Coloring. a"Draw & make your own designs; master figure drawing in 7 days; kick it off with colors; learn body parts & garment drawings"--Cover. aText in English ; translated from the Japanese. 7aFashion drawingxTechnique.2BUEsh 7aFashion illustrators.2BUEsh bCOMAMEcSeptember2020 2ddccBB 00102ddc40708AlahramaMAINbMAINc2NDd2020-09-24ePurchasel5m30o741.672 TAKp000049766r2025-07-15 00:00:00s2024-11-28w2020-09-24yBB